[Event "FISU World University"]
[Site "Tornelo INT"]
[Date "2020.10.28"]
[Round "9.23"]
[White "Cabezas Quiroz, Marco"]
[Black "Hernandez Rendon, Carlos A"]
[Result "0-1"]
[WhiteElo "1661"]
[BlackElo "1838"]
[PlyCount "68"]
[EventDate "2020.10.26"]
[EventType "team-swiss (rapid)"]
[EventRounds "9"]
[EventCountry "NET"]
[SourceTitle "CBM 199 Extra"]
[Source "ChessBase"]
[SourceDate "2021.01.31"]
[SourceVersion "1"]
[SourceVersionDate "2021.01.31"]
[SourceQuality "1"]
[WhiteTeam "Chile II"]
[BlackTeam "Mexico V"]
[WhiteTeamCountry "CHI"]
[BlackTeamCountry "MEX"]

1. e4 c5 2. Nf3 a6 3. d4 cxd4 4. Nxd4 Nf6 5. Nc3 e5 6. Nf3 Bb4 7. Bd3 d5 8. exd5 e4 9. 0-0 Bxc3 10. bxc3 0-0 11. Bxe4 Nxe4 12. Qd4 Bf5 13. Rb1 b5 14. Bf4 Nd7 15. Rfe1 Ndf6 16. Nh4 Qd7 17. Nxf5 Qxf5 18. Be5 Rfe8 19. Bxf6 Nxf6 20. d6 h6 21. h3 Rxe1+ 22. Rxe1 Rd8 23. Qb6 Qd7 24. Qxa6 Qxd6 25. Qxb5 Qd2 26. Re2 Qxc3 27. Qa4 Rd1+ 28. Kh2 Qc7+ 29. g3 Qb7 30. f3 Qxf3 31. Rg2 Qf1 32. Qa8+ Kh7 33. g4 Qf4+ 34. Rg3 Ne4 0-1

[Event "FISU World University"]
[Site "Tornelo INT"]
[Date "2020.10.28"]
[Round "8.20"]
[White "Campos, Maria Jose"]
[Black "Cabezas Quiroz, Marco"]
[Result "1-0"]
[WhiteElo "2112"]
[BlackElo "1661"]
[PlyCount "117"]
[EventDate "2020.10.26"]
[EventType "team-swiss (rapid)"]
[EventRounds "9"]
[EventCountry "NET"]
[SourceTitle "CBM 199 Extra"]
[Source "ChessBase"]
[SourceDate "2021.01.31"]
[SourceVersion "1"]
[SourceVersionDate "2021.01.31"]
[SourceQuality "1"]
[WhiteTeam "Argentina III"]
[BlackTeam "Chile II"]
[WhiteTeamCountry "ARG"]
[BlackTeamCountry "CHI"]

1. c4 e5 2. g3 Nf6 3. Bg2 Nc6 4. Nc3 d6 5. d3 Be7 6. e4 0-0 7. Nge2 Bg4 8. 0-0 Qd7 9. Be3 Bh3 10. Nd5 Bxg2 11. Kxg2 Rfe8 12. h3 Nd8 13. Rc1 c6 14. Ndc3 d5 15. cxd5 cxd5 16. Bg5 d4 17. Bxf6 Bxf6 18. Nd5 Ne6 19. f4 Rac8 20. f5 Nc5 21. Qd2 Qd8 22. h4 h6 23. Rc2 Nd7 24. Rxc8 Qxc8 25. Rc1 Qd8 26. Qb4 b6 27. Nc7 Rf8 28. Nd5 Nc5 29. Qd2 a5 30. Ng1 Kh7 31. Nf3 g6 32. fxg6+ fxg6 33. Rf1 Bg7 34. a3 b5 35. Qc2 Ne6 36. Qc6 Qe8 37. Qxe8 Rxe8 38. Rc1 g5 39. hxg5 hxg5 40. Rc6 g4 41. Nh4 Ng5 42. Rc7 Kg8 43. Nf5 Ne6 44. Ra7 a4 45. Nxg7 Nxg7 46. Nf6+ Kf8 47. Nxe8 Nxe8 48. Rb7 Nd6 49. Rd7 Nf7 50. Rd5 Ke7 51. Rxb5 Ke6 52. Rb6+ Ke7 53. Ra6 Ng5 54. Rxa4 Nf3 55. Kf2 Kd6 56. b4 Kc6 57. Ra6+ Kb5 58. Ra5+ Kb6 59. a4 1-0